"Філософ з головою хлопчика" (за маловідомими сторінками творчої спадщини Валер'яна Поліщука) (Запис № 316417)

МАРК-запис
000 -Лідер
fixed length control field 00945nam a22002537a 4500
001 - Контрольний номер
control field 30016
003 - Ідентифікатор контрольного номера
control field UA-OsUOA
005 - Дата та час останнього входження (трансакції)
control field 20260330095148.0
007 - Фіксоване поле фізичного опису
fixed length control field ta
008 - Елементи даних фіксованої довжини – загальна інформація
fixed length control field 20041102b un ||||| |||| 00| 0 ukr d
040 ## - Джерело каталогізації
Агенція оригінальної каталогізації UA-OsUOA
Мова каталогізації ukr
Агенція, яка здійснювала перезапис UA-OsUOA
Агенція, яка здійснювала модифікацію UA-OsUOA
041 ## - Код мови
Код мови тексту/ звукової доріжки чи окремого заголовка (П) ukr
044 ## - Код країни видавця/ виробника
Код країни видавця/ виробника (П) RU
080 ## - Індекс Універсальної десяткової класифікації
Індекс Універсальної десяткової класифікації (УДК) (НП) 929
090 ## - Локальний шифр розміщення
Класифікаційний індекс УДК 929
Авторський знак (НП) К85
100 ## - Основне введення – ім’я особи
Ім’я особи (НП) Крикуненко В. Г.
9 (RLIN) 24740
245 ## - Відомості про назву
Назва (НП) "Філософ з головою хлопчика" (за маловідомими сторінками творчої спадщини Валер'яна Поліщука)
Дані про відповідальність (НП) Віталій Крикуненко
260 ## - Публікація, розповсюдження і т.п. (Вихідні дані)
Місце публікації, розповсюдження і т.п. (П) М.
Ім’я/ наймення видавництва, розповсюджувача і т.п. (П) Видавничий центр БУЛ
Дата публікації, розповсюдження і т.п. (П) 1997
300 ## - Фізичний опис
Обсяг 64 с.
490 ## - Область серії
Назва серії Серія видань Бібліотеки української літератури в Москві
Позначення і номер тому / порядкове позначення Число 1
650 #7 - Додаткове предметне введення – тематичний термін
Тематичний термін чи географічна назва, як елемент введення (НП) 929 Біографічні дослідження
Джерело заголовка чи терміна UDC
9 (RLIN) 1571
942 ## - Додаткові елементи входу (Коха)
Тип елемента Koha Книги
Source of classification or shelving scheme Universal Decimal Classification
955 ## - Код типу видання за змістом
Код типу видання за змістом (НП) Навчальні видання
Фонди
Стан вилучень Стан втрат Джерело класифікації або схеми стелажів Стан уражень Не для кредиту Постійне місце розташування Поточне розміщення Дата придбання Інвентарний номер Усього замовленно Повний номер виклику Штрих-код Дата останнього перегляду Ціна ефективна від Тип елемента Koha Вартість, звичайна ціна покупки Код колекції Джерело придбання Вартість, ціна заміни
    Universal Decimal Classification     АБ - Абонемент НБ АБ - Абонемент НБ 14/11/2012 56768   929 К85 56768 28/03/2022 02/11/2004 Книги        
    Universal Decimal Classification     АБ - Абонемент НБ АБ - Абонемент НБ 30/03/2026     929 К85 169741 30/03/2026 30/03/2026 Книги 20.00 Колекція Шевчука Валерія №16/25.03.2026 20.00
    Universal Decimal Classification     ЧЗ - Читальна зала ЧЗ - Читальна зала 02/11/2004 72231   929 К85 72231 07/02/2022 02/11/2004 Книги 20.00